000 01282cam a22003977a 4500
003 CHAP
005 20220817043518.0
008 990211d1996 it rn 00110 eng d
010 _a77018
011 _a77990
020 _a9251033161
035 _a87769
040 _cCHAP
082 0 4 _a333.72
_bF3 v.25
110 2 _aFAO
245 1 0 _aWildlife utilization in Latin America :
_bcurrent situation and prospects for sustainable management
_c/by Juhani Ojasti
260 _aRome :
_bFAO,
_c1996.
300 _a237 p. :
_bgráfs. ; cuadros
410 2 _aFAO
490 0 _aGuía de conservación
_v; 25
590 _aBATCH-UPD
_b10
_c20130110
_lUCH01
_h1007
590 _aBATCH-UPD
_b10
_c20130410
_lUCH01
_h0617
590 _aBATCH-UPD
_b10
_c20130913
_lUCH01
_h2220
590 _aCONVERSION
_b10
_c20130109
_lUCH01
_h1342
650 1 4 _aAgricultura sustentable.
650 1 4 _aVida silvestre.
_9119155
650 1 4 _aVida silvestre
_xAmérica Latina.
_9119159
650 1 4 _aVida silvestre
_xConservación.
_9119166
700 0 _aOjasti, Juhani.
_982890
810 0 _aFAO
830 0 0 _aGuía de conservación
_v; 25
_951482
901 _aBK
905 _aLilia Sánchez G.
942 _cLIBRO
949 _a333.72 F3 v.25
_bBC
_cFAO
_d33724000709564
_eFAO1
_h94524
_i87769
_kDonaciØn
_sb
999 _c77018
_d77018